000 00688cam a22002413a 4500
001 2917
003 PGUSA
005 20140828083023.0
008 040926s2004||||xxu|||||s|||||000 | eng d
040 _aPGUSA
_beng
042 _adc
050 4 _aPR
100 1 _aGalsworthy, John,
_d1867-1933
245 1 4 _aThe Skin Game (A Tragi-Comedy)
_h[electronic resource] /
_cJohn Galsworthy
260 _bProject Gutenberg,
_c2004
506 _aPublic domain in the USA.
516 _aElectronic text
653 _aEnglish drama
653 _aSocial conflict -- Great Britain -- Drama
830 0 _aProject Gutenberg
_v2917
856 4 0 _uhttp://www.gutenberg.org/ebooks/2917
942 _cEB
999 _c232247
_d232247